000 00424nam a22001697a 4500
003 MPLRDC
005 20220104142459.0
008 210129b ||||| |||| 00| 0 eng d
082 _a411.12 MZ-2
100 _a明真编著
245 _a严新气功报告: 当代科学新天地
_c
250 _a初版
260 _a
_b新华出版社
_c1988
300 _b
650 _a呼吸法--气功
942 _cBK
_o411.12 MZ-2
999 _c31241
_d31231